Statistics for The Game Awards - Ultimate Games Quiz

Click here to take the quiz!

General Stats

  • This quiz has been taken 480 times
    (196 since last reset)
  • The average score is 20 of 147

Answer Stats

HintAnswer% Correct
Best Online Experience/MultiplayerFortnite
55%
Game of the Year | Best Action-Adventure | Best Game DirectionGod of War
54%
Best RemasterGrand Theft Auto V
54%
Game of the Year | Best Role Playing Game | Best Online Experience/Multiplayer | Best Community Support | Player's VoiceBaldur's Gate 3
46%
Best NarrativeRed Dead Redemption 2
46%
Game of the Year | Best Action-Adventure | Best Game Direction | Most Anticipated GameThe Legend of Zelda: Breath of the Wild
45%
Game of the YearThe Last of Us Part II
43%
Game of the YearElden Ring
42%
Game of the Year | Best Game Direction | Best Online Experience/Multiplayer | Best Ongoing Game | Esport Game of the YearOverwatch
34%
Esport Game of the YearLeague of Legends
33%
Best Action-Adventure Game | Most Anticipated GameThe Legend of Zelda: Tears of the Kingdom
33%
Game of the Year | Best Role Playing Game | Most Anticipated GameThe Witcher 3: Wild Hunt
33%
Best Role Playing GameThe Witcher 3: Wild Hunt - Blood and Wine
33%
Best Ongoing GameCyberpunk 2077
30%
Best Online Experience/MultiplayerPlayerUnknown's Battlegrounds
30%
Best NarrativeGod of War Ragnarök
28%
Game of the YearIt Takes Two
28%
Best Fighting GameStreet Fighter 6
27%
Best Fighting GameStreet Fighter V
26%
Best Family GameSuper Mario Odyssey
26%
Best Audio DesignCall of Duty: Modern Warfare
24%
Best Sports/Racing GameForza Horizon 5
24%
Best Sports/Racing GameForza Horizon 4
23%
Best Fighting GameMortal Kombat 11: Ultimate Edition
23%
Best Sports/Racing GameForza Horizon 3
22%
Best Family Game | Best Sports/Racing GameMario Kart 8
22%
Best Fighting GameMortal Kombat X
22%
Best Ongoing GameFinal Fantasy XIV
21%
Best Independent GameHades
21%
Best Independent GameStray
21%
Best Family GameSuper Mario Bros. Wonder
21%
Best NarrativeUncharted 4: A Thief's End
21%
Best Sports/Racing GameForza Motorsport
20%
Game of the YearSekiro: Shadows Die Twice
20%
Best Game Direction | Best Art Direction | Best NarrativeAlan Wake 2
19%
Best Score/Soundtrack | Best Shooter/ActionDoom
19%
Best Mobile GameGenshin Impact
19%
Best VR/AR GameResident Evil 4
19%
Best VR/AR GameResident Evil Village
19%
Best Independent GameRocket League
19%
Best Fighting GameSuper Smash Bros. Ultimate
19%
Esport Game of the YearValorant
19%
Best Online Experience/MultiplayerApex Legends
18%
Esport Game of the YearCounter-Strike: Global Offensive
18%
Best Score/SoundtrackDeath Stranding
18%
Best Score/SoundtrackFinal Fantasy XVI
18%
Best Ongoing GameNo Man's Sky
18%
Best VR/AR GameResident Evil 7: Biohazard
18%
Best Mobile GameAmong Us
17%
Best Sim/Strategy GameCivilization VI
17%
Best Sports/Racing GameGran Turismo 7
17%
Best Independent GameDisco Elysium
15%
Game of the Year | Best Role Playing GameDragon Age: Inquisition
15%
Best Art DirectionGhost of Tsushima
15%
Best Independent GameCeleste
14%
Best Score/SoundtrackDestiny
14%
Best Score/SoundtrackFinal Fantasy VII Remake
14%
Best Independent GameKena: Bridge of Spirits
14%
Best Role Playing GamePersona 5
14%
Best Family Game | Best Mobile GamePokemon Go
14%
Best Debut/Fresh Indie GameCuphead
13%
Best Community SupportFall Guys
13%
Best VR/AR GameHalf-Life: Alyx
13%
Best Family GameAnimal Crossing: New Horizons
12%
Best Community SupportDestiny 2
11%
Best Shooter/ActionFar Cry 4
11%
Player's VoiceHalo Infinite
11%
Best Sim/Strategy GamePikmin 4
11%
Best VR/AR GameBeat Saber
10%
Games for Change/ImpactLife is Strange
10%
Best Score/SoundtrackMetal Gear Solid V: The Phantom Pain
10%
Best Action-AdventureMetroid Dread
10%
Best Role Playing GameMonster Hunter: World
10%
Best Online Experience/Multiplayer | Best Shooter/ActionSplatoon
10%
Best Fighting GameSuper Smash Bros. for Wii U
10%
Best Art DirectionControl
9%
Best Shooter/ActionDead Cells
9%
Best Art DirectionDeathloop
9%
Most Anticipated GameFinal Fantasy VII Rebirth
9%
Best Family GameLuigi's Mansion 3
9%
Best Art DirectionOri and the Blind Forest
9%
Best Independent GameShovel Knight
9%
Best Family GameSuper Mario Maker
8%
Best Debut/Fresh Indie GameCocoon
7%
Best Shooter/ActionDevil May Cry 5
7%
Best Sim/Strategy GameFire Emblem: Three Houses
7%
Best Sports/Racing GameForza Motorsport 7
7%
Best Fighting GameGuilty Gear Strive
7%
Best Online Experience/MultiplayerSplatoon 3
7%
Best NarrativeWhat Remains of Edith Finch
7%
Best Action-AdventureDishonored 2
6%
Games for Change/ImpactGris
6%
Best Audio DesignHi-Fi Rush
6%
Best Mobile GameHonkai: Star Rail
6%
Best Art Direction | Best Independent GameInside
6%
Best Sim/Strategy GameMicrosoft Flight Simulator
6%
Best Fighting GameMultiVersus
6%
Best Sim/Strategy GameAge of Empires IV
5%
Best Shooter/ActionArmored Core VI: Fires of Rubicon
5%
Best Shooter/ActionBayonetta 3
5%
Best Mobile GameHearthstone
5%
Best Fighting GameInjustice 2
5%
Best Family GameKirby and the Forgotten Land
5%
Best Mobile GameMarvel Snap
5%
Best Score/SoundtrackNier: Automata
5%
Best Debut/Fresh Indie GamePhasmophobia
5%
Best Independent GameSea of Stars
5%
Best Sim/Strategy GameMario + Rabbids Kingdom Battle
4%
Best NarrativeMarvel's Guardians of the Galaxy
4%
Best Family GameOvercooked 2
4%
Best Shooter/ActionWolfenstein II: The New Colossus
4%
Best Mobile GameCall of Duty: Mobile
3%
Best Fighting GameDragon Ball FighterZ
3%
Best Mobile GameFlorence
3%
Games for Change/ImpactHellblade: Senua's Sacrifice
3%
Best NarrativeHer Story
3%
Best Sim/Strategy GameInto the Breach
3%
Games for Change/ImpactLife is Strange: True Colors
3%
Best Action-AdventureMiddle-Earth: Shadow of Mordor
3%
Best Shooter/ActionReturnal
3%
Best Art DirectionReturn of Obra Dinn
3%
Best VR/AR GameAstro Bot Rescue Mission
2%
Best Sports/Racing GameCrash Team Racing Nitro-Fueled
2%
Best Mobile GameLara Croft Go
2%
Best Sim/Strategy GameMario + Rabbids Sparks of Hope
2%
Best Handheld GameMetroid: Samus Returns
2%
Best Role Playing GameTales of Arise
2%
Games for Change/ImpactTchia
2%
Games for Change/ImpactTell Me Why
2%
Games for Change/ImpactThat Dragon, Cancer
2%
Best Sports/Racing GameTony Hawk's Pro Skater 1 + 2
2%
Best Narrative | Games for Change/ImpactValiant Hearts: The Great War
2%
Games for Change/ImpactAs Dusk Falls
1%
Best Student GameCombat 2018
1%
Chinese Fan Game Awardjx3 HD
1%
Best Student GameLevel Squared
1%
Best Mobile GameMonument Valley 2
1%
Best VR/AR GameMoss: Book II
1%
Best Score/SoundtrackNier Replicant ver 1.22474487139
1%
Best VR/AR GameRez Infinite
1%
Best Debut/Fresh Indie GameThe Messenger
1%

Score Distribution

Percentile by Number Answered

Percent of People with Each Score

Your Score History

You have not taken this quiz since the last reset